Unrettbar frauenfeindlich: Der Kampf um das Wort von Frauen in 1 Kor 14,34-35 im Spiegel antijudaistischer Elemente der Auslegung

Saved in:  
Bibliographic Details
Main Author: Crüsemann, Marlene 1953- (Author)
Format: Print Article
Language:German
Check availability: HBZ Gateway
Interlibrary Loan:Interlibrary Loan for the Fachinformationsdienste (Specialized Information Services in Germany)
Published: 2001
In: Paulus
Year: 2001, Pages: 23-41
Standardized Subjects / Keyword chains:B New Testament / Anti-judaism
IxTheo Classification:HC New Testament
Further subjects:B Feminist exegesis
B Bible. Corinthians 1. 14,34-35

MARC

LEADER 00000caa a22000002c 4500
001 1589249887
003 DE-627
005 20210913103756.0
007 tu
008 190311s2001 xx ||||| 00| ||ger c
020 |a 3579053183 
035 |a (DE-627)1589249887 
035 |a (DE-576)519249887 
035 |a (DE-599)BSZ519249887 
040 |a DE-627  |b ger  |c DE-627  |e rakwb 
041 |a ger 
084 |a 1  |2 ssgn 
100 1 |0 (DE-588)143238094  |0 (DE-627)644346094  |0 (DE-576)169772470  |4 aut  |a Crüsemann, Marlene  |d 1953- 
109 |a Crüsemann, Marlene 1953-  |a Crüsemann, M. 1953- 
245 1 0 |a Unrettbar frauenfeindlich: Der Kampf um das Wort von Frauen in 1 Kor 14,34-35 im Spiegel antijudaistischer Elemente der Auslegung 
264 1 |c 2001 
336 |a Text  |b txt  |2 rdacontent 
337 |a ohne Hilfsmittel zu benutzen  |b n  |2 rdamedia 
338 |a Band  |b nc  |2 rdacarrier 
601 |a Frauenfeindlichkeit 
601 |a Element 
601 |a Spiegelung 
630 0 7 |0 (DE-588)1066354901  |0 (DE-627)817354891  |0 (DE-576)425792943  |a Bibel  |p Korintherbrief  |n 1.  |n 14,34-35  |2 gnd 
650 0 7 |0 (DE-588)104346302X  |0 (DE-627)770560423  |0 (DE-576)394819969  |a Feministische Exegese  |2 gnd 
652 |a HC 
689 0 0 |d u  |0 (DE-588)4041771-2  |0 (DE-627)106217658  |0 (DE-576)209046724  |a Bibel  |2 gnd  |p Neues Testament 
689 0 1 |d s  |0 (DE-588)4536893-4  |0 (DE-627)266804209  |0 (DE-576)213462486  |2 gnd  |a Antijudaismus 
689 0 |5 (DE-627) 
773 0 8 |i In  |t Paulus  |d Gütersloh : Chr. Kaiser/Gütersloher Verlagshaus, 2001  |g (2001), Seite 23-41  |h 207 Seiten  |w (DE-627)32256770X  |w (DE-576)089094506  |z 3579053183  |7 nnam 
773 1 8 |g year:2001  |g pages:23-41 
935 |a BIIN 
951 |a AR 
BIB |a 1 
BIR |a 07014034_07014035  |b biblesearch 
ELC |b 1 
ITA |a 1  |t 1 
LOK |0 000 xxxxxcx a22 zn 4500 
LOK |0 001 3059053502 
LOK |0 003 DE-627 
LOK |0 004 1589249887 
LOK |0 005 20210913103756 
LOK |0 008 190311||||||||||||||||ger||||||| 
LOK |0 035   |a (DE-Tue135-1)123391 
LOK |0 040   |a DE-Tue135-1  |c DE-627  |d DE-Tue135-1 
LOK |0 852   |a DE-Tue135-1 
LOK |0 852 1  |c FTHNT047700/CNM  |m p  |9 00 
LOK |0 852 2  |b T 94  |9 00 
LOK |0 935   |a iSWA 
LOK |0 936ln  |0 1442044136  |a HC 
LOK |0 938   |k p 
LOK |0 939   |a 11-03-19  |b l01 
ORI |a SA-MARC-ixtheoa001.raw 
STA 0 0 |a Anti-judaism,Feminist exegesis 
STB 0 0 |a Antijudaïsme,Exégèse féministe 
STC 0 0 |a Antijudaísmo,Exegesis feminista 
STD 0 0 |a Antigiudaismo,Esegesi femminista 
STE 0 0 |a 注释,诠释,解经 
STF 0 0 |a 反犹太教主义,注釋,詮釋,解經 
STG 0 0 |a Antijudaísmo,Exegese feminista 
STH 0 0 |a Антииудаизм,Феминистическая экзегеза 
STI 0 0 |a Αντιιουδαϊσμός,Φεμινιστική εξήγηση 
SUB |a BIB 
SYE 0 0 |a Feministische Theologie 
SYG 0 0 |a Centenary translation of the New Testament,Bibel,Neues Testament,Septembertestament,Das Newe Testament Deutzsch,Bibel,Septembertestament,Bibel,Die Botschaft Gottes,Greek New Testament,Greek New Testament,The Greek New Testament,GNT,Neues Testament,Novum Testamentum,Testamentum novum,Nor Ktakaran,Novijat Zavet,Novyj Zapovit,Das Neue Testament,Le Nouveau Testament,Il Nouv Testamaint,The New Testament,Nuevo Testamento,Novʹy Zákon,Novi Javjet,Novo Testamento,Novyj Zavet,Nowy Testament,Nowý Zákon,U`j Szövetség,U`j Testamentom,Die Heilige Schrift des Neuen Testaments,Det Ny Testamente,Det Nya Testamentet,Il Nuovo Testamento,Ds Nöie Teschtamänt,Hab-berit ha-ḥadaša,Sifrê hab-berit ha-ḥadaša,Niev Testament,Novum Testamentum Graece,The Greek New Testament,Novum Testamentum Graece et Latine,E Kainē diathēkē,al- ʿAhd al-ǧadīd li rabbinā wa muḫalliṣinā Yasūʿa ăl-masīḥ,al- ʿAhd al-ǧadīd,S@nöie Teschdamänt,Se Wsi Testamenti,Tèstamènt nobo,Mkpaman Elat,Bible,N.T.,Uus Testament